000
00289nam a22001337a 4500
008
180927b xxu||||| |||| 00| 0 eng d
020
_a
9780073325538
041
_a
eng
080
_2
8th
_a
37
100
_a
25
101
_a
EDU
245
_a
Puntos de partida
_c
Knorre,M
942
_2
udc
_c
BK
999
_c
48546
_d
48546